000 00672nam a2200217Ia 4500
003 OSt
005 20260402104612.0
008 210716s2011 xx 000 0 und d
020 _a9781422162620
040 _cAIMIT LIBRARY
041 _aeng
082 _a374.22
_21
_bHARV
245 _aHarvard business review on rebuilding your business model /
250 _a1st ed.
260 _aBoston :
_bHarvard Business Review ,
_c2011.
300 _a278p. ;
_bPB
_c21.4 cm
650 _aWhy business models matter
_9260105
650 _aFinding your next core business
_9260106
650 _aMapping your innovation strategies
_9260107
942 _2ddc
_cBK
_e1st
_k374.22 HARV
999 _c207133
_d207133